| Tag |
First Indicator |
Second Indicator |
Subfields |
| LEADER |
00000cam a2200000 4500 |
| 001 |
in00000028509 |
| 005 |
20151007061447.0 |
| 008 |
720614s1964 inu b 00000 eng u |
| 010 |
|
|
|a 63019328
|
| 035 |
|
|
|a (OCoLC)00331707
|
| 035 |
|
|
|9 AAD2154AM
|
| 040 |
|
|
|c WSU
|d TXA
|d UtOrBLW
|
| 049 |
|
|
|a TXAM
|c [369009]
|
| 050 |
|
0 |
|a PN1031
|b .S474
|
| 092 |
|
|
|a 808.1
|b S516h
|
| 100 |
1 |
|
|a Sewell, Elizabeth,
|d 1919-2001.
|
| 245 |
1 |
4 |
|a The human metaphor.
|
| 264 |
|
1 |
|a [Notre Dame, Ind.] :
|b University of Notre Dame Press,
|c [1964]
|
| 300 |
|
|
|a 212 pages ;
|c 23 cm.
|
| 336 |
|
|
|a text
|b txt
|2 rdacontent
|
| 337 |
|
|
|a unmediated
|b n
|2 rdamedia
|
| 338 |
|
|
|a volume
|b nc
|2 rdacarrier
|
| 504 |
|
|
|a Bibliographical footnotes.
|
| 650 |
|
0 |
|a Poetry.
|
| 650 |
|
0 |
|a Poetry
|x History and criticism.
|
| 999 |
|
|
|a MARS
|
| 999 |
f |
f |
|s 8443b337-26c3-3888-8c5a-469d6ef62b38
|i 038068a0-6acf-3502-a5b7-1ab987aa3e09
|t 0
|
| 952 |
f |
f |
|p ric
|a Texas A&M University
|b Rellis Campus
|c Joint Library Facility
|d Remote Storage
|t 0
|e PN1031 .S474
|h Library of Congress classification
|i unmediated -- volume
|m A14801196885
|
| 998 |
f |
f |
|a PN1031 .S474
|t 0
|l Remote Storage
|